000 00713nam a22002657a 4500
003 CHAP
005 20220329140447.0
008 971013s r 00010 d
010 _a52319
011 _a53291
035 _a57441
040 _cCHAP
090 _aFolleto 8842
245 _aPoppy
260 _a(s.l. :
_bs.e.),
_c(s.a.)
300 _a16 p.
_b: ilus.
590 _aBATCH-UPD
_b10
_c20130110
_lUCH01
_h0238
590 _aBATCH-UPD
_b10
_c20130110
_lUCH01
_h2201
590 _aCONVERSION
_b10
_c20130109
_lUCH01
_h1328
650 1 4 _aPapaver sommiferum.
_985317
650 1 4 _aPlantas oleaginosas.
_989032
901 _aBK
942 _cFOLL
949 _aFolleto 8842
_bBC
_cFOLL
_d-124967
_eTS1
_i57441
_si
999 _c52319
_d52319